000 00467nam a2200181Ia 4500
001 11628
005 20260306162842.0
008 260306t2012||||xx |||||||||||||| ||spa||
041 _aESP
082 _a985.6
_bI59
100 _aInstituto de Pastoral Andina
_eAUT
245 0 _aCatálogo del archivo histórico de la prelatura de Sicuani:
_blibros parroquiales
260 _c2012
300 _a
_c
650 _aGEN
654 _aCHU
942 _cLIB
_dJUS
_fJUS
_2ddc
_n
999 _c11628
_d11628